Il genio femminile (Record n. 212599)

Dettagli MARC
000 -LEADER
fixed length control field 01076nam a2200205Ia 4500
001 - CONTROL NUMBER
control field b4639-30258
003 - CONTROL NUMBER IDENTIFIER
control field IT-MiCISF
008 - FIXED-LENGTH DATA ELEMENTS--GENERAL INFORMATION
fixed length control field 161014s9999||||xx |||||||||||||| ||und||
040 ## - CATALOGING SOURCE
Original cataloging agency IT-MiCISF
Transcribing agency IT-MiCISF
041 ## - LANGUAGE CODE
Language code of text/sound track or separate title it
999 ## - SYSTEM CONTROL NUMBERS (KOHA)
Koha Dewey Subclass [OBSOLETE] si
100 ## - MAIN ENTRY--PERSONAL NAME
Personal name Giovanna della Croce
245 #0 - TITLE STATEMENT
Title Il genio femminile
Remainder of title La spiritualità della donna dal Medioevo ai nostri giorni
250 ## - EDITION STATEMENT
Edition statement 1a ed.
260 ## - PUBLICATION, DISTRIBUTION, ETC. (IMPRINT)
Place of publication, distribution, etc. Milano
Name of publisher, distributor, etc. Ares
Date of publication, distribution, etc. 1999
300 ## - PHYSICAL DESCRIPTION
Extent pp. 134
500 ## - GENERAL NOTE
General note / donna, chiesa, spiritualità, storia, teologia / L'A. di questo testo raccoglie l'invito di Giovanni Paolo II per una "rinnovata e universale presa di coscienza della dignità della donna", presentando una ricca galleria di figure femminili: Chiara di Assisi, Elsbeth Stagel, Ildegarda di Bingen, Matilde di Magdeburgo, Giuliana di Norwich, Giovanna di Chantal, Elisabetta della SS. Trinità, Raissa Maritain. L'intento è di scoprire il senso pieno della vocazione di madre, sorella, sposa, figlia, nel mondo come nel chiostro.
650 ## - SUBJECT ADDED ENTRY--TOPICAL TERM
Topical term or geographic name as entry element Temi di pastorale / donna
Relator term 012
942 ## - ADDED ENTRY ELEMENTS (KOHA)
Koha item type LIBRO
957 ## -
-- 1
999 ## - SYSTEM CONTROL NUMBERS (KOHA)
-- 1
Dati di copia
Withdrawn status Lost status Damaged status Not for loan Home library Current library Date acquired Total Checkouts Full call number Date last seen Price effective from Koha item type Public note
    Buone Condizioni Not For Loan CISF - Milano CISF - Milano 14/10/2016   b4639-30258 14/10/2016 14/10/2016 LIBRO Data import 15.10.2016 / by Epidotti, Vaglietti
CREDITS: SOCIETA' SAN PAOLO Via A.Severo, 58 - ROMA (RM) & PERIODICI SAN PAOLO SRL Via Giotto, 36 MILANO & CISF Via Giotto, 36 MILANO & EDIZIONI SAN PAOLO SRL,  Piazza Soncino, 5 CINISELLO BALSAMO (MI) -- ITALY